| 000 | 00313nam a22001217a 4500 | ||
|---|---|---|---|
| 999 |
_c23165 _d23165 |
||
| 003 | Nust | ||
| 005 | 20170515114154.0 | ||
| 008 | 140127b xxu||||| |||| 00| 0 eng d | ||
| 020 |
_a8129711788 _cAvailable |
||
| 040 |
_aDLC _bDLC _cRCMS |
||
| 050 | _a621.382 PUR | ||
| 082 | _a621.382 PUR | ||
| 100 |
_aMICHEAL B. PURSLEY _9698 |
||
| 245 | _aINTRODUCTION TO DIGITAL COMMUNICATIONS | ||
| 260 |
_aINDIA _bPEARSON _c2005 |
||
| 538 | _iShelf # 15, Row # 2, Communication. Shelf # 15, Row # 3, Communication. | ||
| 942 |
_cBK _2ddc _k621.382 PUR |
||